[Event "SVK-ch U16 Girls"]
[Site "Tatralandia"]
[Date "2024.04.10"]
[Round "7"]
[White "Truskova, Stela"]
[Black "Horvathova, Hana"]
[Result "1/2-1/2"]
[WhiteElo "1684"]
[BlackElo "1730"]
[PlyCount "97"]
[EventDate "2024.04.05"]
[EventType "swiss"]
[EventRounds "9"]
[EventCountry "SVK"]
[SourceTitle "CB16_2024"]
[SourceDate "2024.04.17"]
[SourceVersion "1"]
[SourceVersionDate "2024.04.17"]
[SourceQuality "1"]

1. d4 d5 2. c4 e6 3. Nc3 Nf6 4. Bg5 Be7 5. cxd5 exd5 6. e3 c6 7. Nf3 Nbd7 8. Bd3 0-0 9. 0-0 Re8 10. Qc2 h6 11. Bf4 Nb6 12. h3 Bd6 13. Rfe1 Be6 14. Bxd6 Qxd6 15. Ne5 Nbd7 16. Nxd7 Qxd7 17. Ne2 Ne4 18. Nf4 Bf5 19. b4 Rac8 20. a4 Red8 21. Rec1 Nd6 22. Bxf5 Nxf5 23. Nd3 Nd6 24. Ne5 Qe8 25. Qe2 a6 26. Nd3 Rc7 27. Ne5 Rcc8 28. Nd3 Ra8 29. Nc5 Qe7 30. Rab1 Rdc8 31. a5 Nc4 32. Nd3 Rab8 33. Nc5 Ra8 34. e4 Na3 35. Rb3 Nb5 36. Rd1 Rd8 37. e5 Nc7 38. Nxb7 Rdb8 39. Nc5 Rb5 40. Nd3 Ne6 41. Qb2 Rab8 42. Rc1 Qa7 43. Nc5 Nxc5 44. Rxc5 Rxc5 45. bxc5 Rxb3 46. Qxb3 Qc7 47. Qb6 Qc8 48. Kf1 h5 49. Ke2 1/2-1/2

[Event "Piestany op-B"]
[Site "Piestany"]
[Date "2023.07.18"]
[Round "8"]
[White "Volanek, Maros"]
[Black "Truskova, Stela"]
[Result "1-0"]
[WhiteElo "1632"]
[BlackElo "1369"]
[PlyCount "57"]
[EventDate "2023.07.11"]
[EventType "swiss"]
[EventRounds "9"]
[EventCountry "SVK"]
[SourceTitle "EXT 2024"]
[Source "ChessBase"]
[SourceDate "2023.10.10"]
[SourceVersion "1"]
[SourceVersionDate "2023.10.10"]
[SourceQuality "1"]

1. d4 Nf6 2. c4 g6 3. Nc3 Bg7 4. e4 d6 5. f3 Nfd7 6. Be3 e5 7. d5 Bh6 8. Qd2 Bxe3 9. Qxe3 a5 10. 0-0-0 Nc5 11. Qh6 Nbd7 12. g4 Qf6 13. h4 Nb6 14. Be2 Nba4 15. Nxa4 Nxa4 16. Nh3 Ra6 17. g5 Qe7 18. c5 Ra7 19. Bb5+ Bd7 20. c6 bxc6 21. Bxa4 Ra6 22. Qg7 Qf8 23. Qxf8+ Rxf8 24. Bxc6 Bxc6 25. dxc6 Rxc6+ 26. Kb1 Kd7 27. Nf2 Rb8 28. Ng4 Rh8 29. Nxe5+ 1-0

[Event "SVK-ch U14 Girls"]
[Site "Dudince"]
[Date "2023.04.19"]
[Round "5"]
[White "Sekova, Olivia"]
[Black "Truskova, Stela"]
[Result "1-0"]
[WhiteElo "1827"]
[BlackElo "1000"]
[PlyCount "109"]
[EventDate "2023.04.16"]
[EventType "swiss"]
[EventRounds "9"]
[EventCountry "SVK"]
[SourceTitle "CBM 213 Extra"]
[Source "ChessBase"]
[SourceDate "2023.05.31"]
[SourceVersion "1"]
[SourceVersionDate "2023.05.31"]
[SourceQuality "1"]

1. e4 c5 2. Nf3 d6 3. d4 cxd4 4. Qxd4 a6 5. Nc3 Nc6 6. Qd2 Nf6 7. b3 b5 8. Bd3 e5 9. Bb2 Be7 10. a4 b4 11. Nd5 a5 12. Nxe7 Qxe7 13. 0-0 0-0 14. h3 Nd8 15. Rfe1 Ne6 16. Rad1 Nc5 17. Qe3 Bb7 18. Nd2 Rad8 19. Nc4 Qc7 20. f4 Rfe8 21. Nxd6 exf4 22. Nxe8 Rxe8 23. Qd4 Nxd3 24. cxd3 Qc2 25. Rc1 Qxb3 26. e5 Qd5 27. Qxd5 Nxd5 28. Rc5 Ne3 29. Re2 Nd1 30. Rxa5 f3 31. gxf3 Bxf3 32. Rd2 Nc3 33. Bxc3 bxc3 34. Rc2 Rc8 35. Kf2 Bd1 36. Rxc3 Rb8 37. Rc7 g6 38. Raa7 Rf8 39. Ke3 h5 40. e6 Re8 41. e7 Kg7 42. Rd7 Kf6 43. Rd6+ Ke5 44. Rd8 Bxa4 45. Rxa4 Rxe7 46. Re4+ Kf6 47. Rd6+ Re6 48. Rdxe6+ fxe6 49. h4 e5 50. Kf3 Kf5 51. Re3 g5 52. hxg5 Kxg5 53. Rxe5+ Kh4 54. d4 Kh3 55. Rxh5# 1-0